| Поле | Инд. | ПП | Название | Значение |
|---|---|---|---|---|
| Тип записи | a | |||
| Библиографический уровень | a | |||
| 001 | Контрольный номер | 69a4213e67d34de396e6ecaad55734cc | ||
| 005 | Дата корректировки | 20151202090046.5 | ||
| 020 | a | ISBN | 978-5-99033-281-2 | |
| 040 | a | Служба первич. каталог. | НБ ТвГУ | |
| b | Код языка каталог. | rus | ||
| e | Правила каталог. | PSBO | ||
| 041 | 0_ | a | Код языка текста | rus |
| 097 | b | Оператор | komarovaES | |
| 100 | 1_ | a | Автор | Голованов Василий Ярославович |
| q | Полное имя | Голованов В. Я. | ||
| 245 | 11 | a | Заглавие | "Анархизм: от идеи к движению, от движения - к массам" |
| 260 | a | Место издания | Москва | |
| b | Издательство | Футурис | ||
| 504 | a | Библиография | Библиогр. в подстроч. примеч. | |
| 520 | 0_ | a | Аннотация | Статья посвящена анархизму: от идеи к движению, от движения - к массам. Автор ведет речь в статье о глобальных изменениях в мире, о борьбе с глобализацией государственной власти, борьбе с терроризмом, национальной и религиозной нетерпимостью. |
| 653 | 0_ | a | Ключевые слова | Анархизм |
| a | Ключевые слова | Конференция | ||
| a | Ключевые слова | Движение | ||
| a | Ключевые слова | Общество | ||
| a | Ключевые слова | Элита | ||
| a | Ключевые слова | Государство | ||
| 773 | 18 | w | Контрольный № источника | 1093ddd0154942259d83a5bc96a31bbe |
| t | Название источника | Прямухинские чтения - 2012. Анархизм: от теории к движению, от движения к обществу | ||
| d | Место и дата издания | Москва : Футурис, 2013 | ||
| g | Прочая информация | С. 13-26 | ||
| 901 | t | Тип документа | a | |
| 920 | a | Оператор | Кома |